000 00868nam a2200265Ia 4500
003 GCL
008 140319s9999 xx 000 0 ara d
040 _aGCL /
_cGCL
082 0 4 _a743
_bم ك
100 1 _aمعروف زريق
245 1 0 _aكيف تتعلم الرسم وتعلمة /
_cمعروف زريق
700 1 _aمحمد عدنان تنبنكجى
250 _aالثامنة
260 _aسوريا :
_bدار دمشق للنشر والتوزيع والطباعة ،
_c2004
300 _a262 ص ؛
_c24 سم
650 0 4 _aالرسم
650 0 4 _aرسم الحيوانات
650 0 4 _aالرسم - تعليم وتدريس
650 0 4 _aالرسم - ادوات
650 0 4 _aالرسم - الطرق الفنية
650 0 4 _aرسم الاطفال
650 0 4 _aرسم النباتات
650 0 4 _aرسم الزهور
942 _2ddc
_cBK
999 _c9903
_d9903